The Complete Beginners Guide To Swimming : (Record no. 4950)

000 -LEADER
fixed length control field 00607nam a22001817a 4500
005 - DATE AND TIME OF LATEST TRANSACTION
control field 20220420094721.0
008 - FIXED-LENGTH DATA ELEMENTS--GENERAL INFORMATION
fixed length control field 220420b2 m ||||| |||| 00| 0 m d
020 00 - INTERNATIONAL STANDARD BOOK NUMBER
International Standard Book Number 9780992742898
Terms of availability RM 92.00
040 ## - CATALOGING SOURCE
Original cataloging agency AKMAL
082 00 - DEWEY DECIMAL CLASSIFICATION NUMBER
Classification number 797.21 YOU
090 00 - LOCALLY ASSIGNED LC-TYPE CALL NUMBER (OCLC); LOCAL CALL NUMBER (RLIN)
Classification number (OCLC) (R) ; Classification number, CALL (RLIN) (NR) 797.21
Local cutter number (OCLC) ; Book number/undivided call number, CALL (RLIN) YOU
100 ## - MAIN ENTRY--PERSONAL NAME
Personal name Mark Young
9 (RLIN) 9433
245 10 - TITLE STATEMENT
Title The Complete Beginners Guide To Swimming :
Remainder of title Professional guidance and support to help you throught every stage of learning how to swim.
Statement of responsibility, etc. Mark young
260 00 - PUBLICATION, DISTRIBUTION, ETC.
Place of publication, distribution, etc. United Kingdom
Name of publisher, distributor, etc. Educate & Learn Publishing
Date of publication, distribution, etc. 2016
300 ## - PHYSICAL DESCRIPTION
Extent 282 pg
Other physical details ill
Dimensions 25cm
650 00 - SUBJECT ADDED ENTRY--TOPICAL TERM
Topical term or geographic name entry element Swimming
9 (RLIN) 9434
942 ## - ADDED ENTRY ELEMENTS (KOHA)
Source of classification or shelving scheme
Koha item type Book
Holdings
Withdrawn status Lost status Source of classification or shelving scheme Damaged status Not for loan Collection code Home library Current library Shelving location Date acquired Inventory number Total Checkouts Full call number Barcode Date last seen Price effective from Koha item type
          NON-FICTION AKMAL Melaka AKMAL Melaka PINJAMAN 20.04.2022 011484   797.21 YOU 201708130 20.04.2022 20.04.2022 Book
Pusat Sumber Maklumat Dato' Haji Sarmin Md Hussin, Akademi Kastam Diraja Malaysia, Melaka
Tel: 06-2331106 | Faks: 06-2313787